| 000 | 00948nac a22002897a 4500 | ||
|---|---|---|---|
| 001 | BR7301482 | ||
| 003 | BR-BrBNA | ||
| 005 | 20240105113459.0 | ||
| 008 | 230509b bl.|||m| |||| 00| 0 por d | ||
| 040 |
_aBR-BrBNA _bpor _cBiblioteca Nacional de Agricultura |
||
| 072 | _aH20 | ||
| 090 | _a2120 BR7301482 | ||
| 100 | 1 | _aRomeiro, R. da S. | |
| 100 | 1 | _aChaves, G.M. | |
| 110 | 1 | _aUniversidade Federal de Vicosa, MG (Brasil) | |
| 245 | 1 | _aGerminacao e poder infectivo dos uredosporos de Hemileia vastatrix Berk et Br mantidos sobre diferentes produtos vegetais e o suscetivel [Cafe; Ferrugem] | |
| 260 | 3 |
_aVicosa, MG (Brasil): _c1974. |
|
| 300 | _a24 p. | ||
| 490 |
_aExperientiae (Brazil) _vv. 17(10) _xISSN 0014-4762 |
||
| 500 | _aSummaries (En, Pt); 26 ref. | ||
| 650 | _aCAFE | ||
| 650 | _aGERMINACAO | ||
| 650 | _aFERRUGEM | ||
| 650 | _aUREDOSPORO | ||
| 909 |
_a202312 _bLúcia Elande _c55 _dLúcia Elande |
||
| 942 |
_2AGRIS _n0 _cMS |
||
| 999 |
_c263971 _d263971 |
||